000 02722cam a22006014i 4500
003 PE-LiUPU
005 20250731180135.0
008 150625s r 000 0 d
020 _a8497057813
035 _a(Sirsi) i9788497057813
040 _aPE-LiUPU
_bspa
_cPE-LiUPU
_erda
049 _aPRUA
082 0 4 _a543.26
_bA65
_221
245 0 0 _aContaminación atmosférica :
_bmanual de laboratorio /
_cPilar Aragón [et.. al.].
264 1 _aValencia :
_bUniversidad Politécnica de Valencia,
_c[2005] .
300 _a123 páginas ;
_c24 centímetros
336 _atext
_2rdacontent
337 _aunmediated
_2rdamedia
338 _avolume
_2rdacarrier
504 _aIncluye bibliografía.
505 0 _aDeterminación de la concentración de dióxido de azufre en el aire. -Determinación de trazas de plomo procedentes de la atmósfera. -Determinación de la concentración de óxidos de nitrógeno en el aire. -Materia sedimentable(I). -Materia sedimentable (II). -Determinación de la concentración de "humo normalizado" en el aire. -Determinación de benceno, tolueno y xileno en aire por cromatografía de gases. -Determinación multiple de gases contaminantes mediante sensores.
526 _aSEG44
526 _aSEG26
526 _aP159
526 _aP155
526 _aP154
526 _aP153
526 _aP150
526 _aP100
526 _aP31
526 _aP30
526 _aP26
526 _aP25
526 _aP24
526 _aP22
526 _aP15
526 _aP10
541 _g003-001031;
541 _g001-027589;
650 0 4 _aAtmósfera
_xContaminación.
700 1 _aAragón Revuelta, Pilar,
_eautor.
700 1 _aCliment, Ma. Dolores,
_eautor.
700 1 _aGómez, Carmen,
_eautor.
700 1 _aMarín, Ma Luisa,
_eautor.
700 1 _aTorres, Sagrario,
_eautor.
942 _2ddc
_cBOOK
949 _a543.26 A65
_wDEWEY
_c1
_i59616
_lCCODEBUL1
_mBUL
_p38.00
_r0
_sY
_tBOOK
_u2015-6-25
_xINGENIERIA
_PP24
_0COMPRA
_o.STAFF. Colección General
949 _a543.26 A65
_wDEWEY
_c2
_i57869
_lCCODEBUL1
_mBUL
_p31.00
_r0
_sY
_tBOOK
_u2015-6-25
_xINGENIERIA
_PP24
_0COMPRA
_o.STAFF. Colección General
994 _aC0
_bPEPRU
596 _a1
999 _a543.26 A65
_wDEWEY
_c46856
_i59616
_f2021-11-5
_g7
_lCCODEBUL1
_mBUL
_p38.00
_r0
_sN
_tBOOK
_u2015-6-25
_xBIBLIOTECA
_PP24
_0COMPRA
_o.STAFF. Colección General
_d46856
999 _a543.26 A65
_wDEWEY
_c2
_i57869
_f2021-11-5
_g7
_lCCODEBUL1
_mBUL
_p31.00
_r0
_sN
_tBOOK
_u2015-6-25
_xBIBLIOTECA
_PP24
_0COMPRA
_o.STAFF. Colección General
980 _81
_gALBERTO SANCHEZ Responsable de Automatización